Expansion (Record no. 79442)

MARC details
000 -LEADER
fixed length control field 01041cab a22002175 4500
001 - CONTROL NUMBER
control field L141295
008 - FIXED-LENGTH DATA ELEMENTS--GENERAL INFORMATION
fixed length control field 071114e20071012xxkd f 000 0 eng u
035 ## - SYSTEM CONTROL NUMBER
System control number (Sirsi) u141295
041 0# - LANGUAGE CODE
Language code of text/sound track or separate title eng
100 1# - MAIN ENTRY--PERSONAL NAME
Personal name Puckett, Katie
245 00 - TITLE STATEMENT
Title Expansion
Remainder of title top 250 consultants
260 ## - PUBLICATION, DISTRIBUTION, ETC.
Date of publication, distribution, etc. 2007
490 0# - SERIES STATEMENT
Series statement Building
Volume/sequential designation 272(8501) 12 October 2007, 41-78(25)
520 ## - SUMMARY, ETC.
Summary, etc. Atkins topped the 2007 consultants' league table of the 250 biggest UK practices, with 6 340 UK chartered staff. Mott MacDonald were runners up, with Mouchel Parkman in third place. Atkins also headed the top 100 surveyors table, with EC Harris in second place and King Sturge in third. Also provides separate tables for the top 100 architects, top 100 engineers, top 50 project managers, top 100 fee earners, top 100 financial performers, and the 50 fastest growing companies in the UK.
651 4# - SUBJECT ADDED ENTRY--GEOGRAPHIC NAME
Geographic name United Kingdom
Chronological subdivision
690 ## - LOCAL SUBJECT ADDED ENTRY--TOPICAL TERM (OCLC, RLIN)
Topical term or geographic name as entry element BUILT ENVIRONMENT-CONSTRUCTION MARKET
700 1# - ADDED ENTRY--PERSONAL NAME
Personal name Spring, Martin
700 1# - ADDED ENTRY--PERSONAL NAME
Personal name Boyd, Olivia
700 1# - ADDED ENTRY--PERSONAL NAME
Personal name Hewes, Martin
942 ## - ADDED ENTRY ELEMENTS (KOHA)
Suppress in OPAC 0
Holdings
Withdrawn status Lost status Source of classification or shelving scheme Damaged status Not for loan Home library Current library Shelving location Date acquired Total Checkouts Full call number Barcode Date last seen Copy number Price effective from Koha item type
    Dewey Decimal Classification     London London Journal article 14/11/2007   L141295 141295-1001 06/08/2019 1 06/08/2019 Journal article